Contingencias de reforzamiento (Registro nro. 10786)

000 -CABECERA
Campo de control de longitud fija 01720nam a22003017a 4500
003 - IDENTIFICADOR DEL NÚMERO DE CONTROL
Campo de control OSt
005 - FECHA Y HORA DE LA ÚLTIMA TRANSACCIÓN
Campo de control 20260327135832.0
008 - CÓDIGOS DE INFORMACIÓN DE LONGITUD FIJA
Campo de control de longitud fija 260326t1979 xxu||||| |||| 00| 0 spa d
020 ## - NÚMERO INTERNACIONAL NORMALIZADO PARA LIBROS (ISBN)
Número Internacional Normalizado para Libros (ISBN) 9682407141
040 ## - FUENTE DE LA CATALOGACIÓN
Centro catalogador de origen Unicoc
Lengua de catalogación spa
Centro que cataloga Bogotá (Dr. David Ordóñez Rueda) - Campus Norte
Centro modificador Bogotá (Dr. David Ordóñez Rueda) - Campus Norte
082 ## - NÚMERO DE LA CLASIFICACIÓN DECIMAL DEWEY
Número de clasificación 150.1943
100 ## - PUNTO DE ACCESO PRINCIPAL - NOMBRE DE PERSONA
9 (RLIN) 12755
Nombre de persona Skinner, Burrhus Frederic
245 ## - MENCIÓN DE TÍTULO
Título Contingencias de reforzamiento
Subtitulo o Resto del título : un análisis teórico
Mención de responsabilidad etc. / Burrhus Frederic Skinner
250 ## - MENCIÓN DE EDICIÓN
Mención de edición 1 Ed.
260 ## - PUBLICATION, DISTRIBUTION, ETC. (IMPRINT)
Lugar de publicación distribución etc. México :
Nombre del editor distribuidor etc. Trillas ,
Fecha de publicación distribución etc. 1979
300 ## - DESCRIPCIÓN FÍSICA
Extensión 273 páginas
Otras características físicas Ilustraciones
500 ## - NOTA GENERAL
Nota general Incluye Índice y Referencias Bibliográficas
505 ## - NOTA DE CONTENIDO CON FORMATO
Título Primera parte: las contingencias de reforzamiento y el diseño de culturas. :
-- Cap. l. El papel del medio. --
-- Cap. 2. La utopía como cultura experimental. --
-- Cap. 3. La solución ambiental. --
-- Segunda parte: un análisis de las contingencias ontogenéticas y filogenéticas. :
-- Cap. 4. El análisis experimental de la conducta. --
-- Cap. 5. Conducta operante. --
-- Cap. 6. Un análisis operante de la solución de problemas. --
-- Cap. 7. La filogenia y ontogenia de la conducta. --
-- Tercera parte: crítica de las teorías alternativas. :
-- Cap. 8. El conductismo a los cincuenta. --
-- Cap. 9. La historia interior.
526 ## - NOTA DE INFORMACIÓN SOBRE EL PROGRAMA DE ESTUDIO
Institución que aplica el campo Unicoc
546 ## - NOTA DE LENGUA
Nota de lengua Español
650 #0 - PUNTO DE ACCESO ADICIONAL DE MATERIA - TÉRMINO DE MATERIA
9 (RLIN) 12800
Término de materia o nombre geográfico como elemento inicial Contingencia (Psicología)
650 #0 - PUNTO DE ACCESO ADICIONAL DE MATERIA - TÉRMINO DE MATERIA
9 (RLIN) 9335
Término de materia o nombre geográfico como elemento inicial Conducta (Psicología)
650 #0 - PUNTO DE ACCESO ADICIONAL DE MATERIA - TÉRMINO DE MATERIA
9 (RLIN) 12801
Término de materia o nombre geográfico como elemento inicial Conducta operante
650 #0 - PUNTO DE ACCESO ADICIONAL DE MATERIA - TÉRMINO DE MATERIA
9 (RLIN) 12802
Término de materia o nombre geográfico como elemento inicial Psicología del comportamiento
658 #0 - TÉRMINO DE INDIZACIÓN - OBJETIVO CURRICULAR
9 (RLIN) 10741
Programa Académico Programa de Psicología
856 ## - LOCALIZACIÓN Y ACCESO ELECTRÓNICOS
Identificador Uniforme del Recurso (URI) https://unicoceduco-my.sharepoint.com/:b:/g/personal/direccionbiblioteca_unicoc_edu_co/IQCnk176J0F8S7liuaLa0BmJAX084y8Can3h4nG9OFYrjF4
Texto del enlace Acceso online exclusivo para comunidad Unicoc.
942 ## - ENTRADA PARA ELEMENTOS AGREGADOS (KOHA)
Fuente de clasificación o esquema de ordenación en estanterías
Koha [por defecto] tipo de item Libro electrónico
Existencias
Signatura completa No para préstamo Fecha de adquisición Fuente de adquisición Fuente de clasificación o esquema de ordenación en estanterías Estado de pérdida Localización actual Código de colección Localización permanente Fecha del precio de reemplazo Estropeado Tipo de item de Koha Fecha última consulta Código de barras Precio
150.1943 2026-03-26Compra  Bogotá (Dr. David Ordóñez Rueda) - Campus NorteColeccion OnlineBogotá (Dr. David Ordóñez Rueda) - Campus Norte2026-03-26 Libro electrónico2026-03-26Ebook10786200000.00

© 2014 UNICOC | Institución Universitaria Colegios de Colombia - UNICOC
Bogotá D.C. Autopista Norte Km. 20. Teléfono:(571)6683535
Cali: Calle 13 Norte No. 3N-13. Teléfono: (572)6608887

Con tecnología de Koha